000 00389nam a22001577a 4500
003 OSt
005 20240115145654.0
008 240115b |||||||| |||| 00| 0 eng d
020 _a9788123905136
040 _cIIMT UNIVERSITY
100 _aBECKETT.A.H,STENLAKE.JB
245 _aPRACTICA PHARMACEUTICA CHEMISTRY
260 _aNEW DELHI
_bCBS
_c2024
300 _a326
942 _2ddc
_c01
_e4
999 _c57997
_d57997